000 00729 a2200205 4500
020 _a0821815725
020 _a9780821815724
082 _a517.35
090 _c1125
_d1125
100 1 _aVilenkin, N. Ja.
245 1 0 _aSpecial functions and the theory of group representations /
_cN. Ja. Vilenkin.
250 _aRevised.
260 _a[S.l.] :
_bAmerican Mathematical Society,
_c1968.
300 _a613 p. ;
_c25 cm.
490 1 _aTranslations of mathematical monographs.
700 _aVilenkin, N. Ja.
830 0 _aTranslations of mathematical monographs.
942 _aSNS
_cBK
_k517.35 VIL
999 _c29740
_d29740